[Event "It (open)"]
[Site "masterchessopen.com – Bajada de la Virgen (Spain)"]
[Date "2005.06.13"]
[Round "1"]
[White "Diaz Diaz Abel (ESP)"]
[Black "Van Den Doel Erik (NED)"]
[Result "0-1"]
[WhiteElo "2108"]
[BlackElo "2582"]

1.e4 c5 2.Nf3 e6 3.d4 cxd4 4.Nxd4 Nc6 5.Nb5 Nf6 6.Bf4 e5 7.Bg5 Qb6 8.Be3 Qa5+
9.Bd2 Qd8 10.Bg5 Bb4+ 11.c3 Bc5 12.Qf3 a6 13.N5a3 Be7 14.Nd2 d6 15.Nac4 Be6
16.Ne3 Nxe4 17.Nxe4 Bxg5 18.Rd1 Be7 19.Nc4 d5 20.Qe3 Qc7 21.Nb6 Rd8 {#R} 0-1

[Event "Ch City (open)"]
[Site "masterchessopen.com – Nittenau (Germany)"]
[Date "2005.09.03"]
[Round "4"]
[White "Maurer Heinrich (GER)"]
[Black "Maurer Christian (GER)"]
[Result "1-0"]
[WhiteElo "2142"]
[BlackElo "1996"]

1.e4 c5 2.Nf3 e6 3.d4 cxd4 4.Nxd4 Nc6 5.Nb5 Bc5 6.Nd6+ Ke7 7.Nc4 b5 8.Be3 Bxe3
9.Nxe3 Qb6 10.Nc3 a6 11.Ned5+ {#r} 1-0

[Event "It (open)"]
[Site "masterchessopen.com – Hamburg (Germany)"]
[Date "2005.10.08"]
[Round "8"]
[White "Wiradimaja Sugilar (INA)"]
[Black "Gorse Gerard (FRA)"]
[Result "1-0"]
[WhiteElo "2171"]
[BlackElo "2022"]

1.e4 c5 2.Nf3 e6 3.d4 cxd4 4.Nxd4 Nc6 5.Nb5 d6 6.c4 Nf6 7.N1c3 a6 8.Nd4 Be7
9.Be2 O-O 10.O-O Qc7 11.Be3 Ne5 12.Rc1 b6 13.f4 Ned7 14.Bf3 Bb7 15.f5 exf5
16.Nxf5 Rfe8 17.Qd4 Rac8 18.Rfd1 Qxc4 19.Nd5 Qxd4 20.Nfxe7+ Kf8 21.Bxd4 Rxc1
22.Rxc1 Rxe7 23.Bxf6 {#r} 1-0

[Event "It (open)"]
[Site "masterchessopen.com – Bad Ems (Germany)"]
[Date "2006.03.06"]
[Round "3"]
[White "Borgmeyer Max (GER)"]
[Black "Tepe Josef (GER)"]
[Result "1-0"]
[WhiteElo "1992"]
[BlackElo "2102"]

1.e4 c5 2.Nf3 e6 3.d4 cxd4 4.Nxd4 Nc6 5.Nb5 d6 6.Bf4 e5 7.Bg5 Qxg5 8.Nc7+ Kd8
9.Nxa8 b6 10.Nc3 Bb7 11.Nb5 Bxa8 12.Nxd6 Bxd6 13.Qxd6+ Kc8 14.Ba6+ {#r} 1-0

[Event "Cup Doeberl"]
[Site "masterchessopen.com – Canberra (Australia)"]
[Date "2006.04.16"]
[Round "5"]
[White "Wright Neil (AUS)"]
[Black "Zhao Zong-Yuan (AUS)"]
[Result "0-1"]
[WhiteElo "2217"]
[BlackElo "2455"]

1.e4 c5 2.Nf3 e6 3.d4 cxd4 4.Nxd4 Nc6 5.Nb5 d6 6.c4 Nf6 7.N5c3 b6 8.Be2 Bb7
9.O-O Rc8 10.Be3 Be7 11.b3 O-O 12.f3 d5 13.exd5 exd5 14.cxd5 Nb4 15.Bc4 Nfxd5
16.Nxd5 Bxd5 17.Bxd5 Nc2 18.Bf4 Nxa1 19.Nc3 Rxc3 20.Qxa1 Bf6 21.Qd1 Qd7 22.Rf2
Rfc8 23.Re2 R3c5 {#R} 0-1

[Event "It (open)"]
[Site "masterchessopen.com – Balaguer (Spain)"]
[Date "2006.07.25"]
[Round "9"]
[White "Baches Garcia Guillermo (ESP)"]
[Black "Colovic Aleksandar (MKD)"]
[Result "1-0"]
[WhiteElo "2379"]
[BlackElo "2459"]

1.e4 c5 2.Nf3 e6 3.d4 cxd4 4.Nxd4 Nc6 5.Nb5 d6 6.c4 Nf6 7.N5c3 Be7 8.Be2 O-O
9.O-O b6 10.Bf4 Bb7 11.Nd2 Rc8 12.Re1 Ne5 13.Bf1 Re8 14.Bg3 Bf8 15.Rc1 a6
16.h3 Re7 17.b3 Rec7 18.Ndb1 {#r} 1-0

[Event "Ch World ICSC (for the Deaf) (team)"]
[Site "masterchessopen.com – Nyiregyhaza (Hungary)"]
[Date "2006.09.09"]
[Round "1"]
[White "Chojnowski Marcin (POL)"]
[Black "Aebersold Tobias (SUI)"]
[Result "1-0"]
[WhiteElo "2137"]
[BlackElo "1850"]

1.e4 c5 2.Nf3 Nc6 3.d4 cxd4 4.Nxd4 e6 5.Nb5 a6 6.Nd6+ Bxd6 7.Qxd6 Nge7 8.Bd3
O-O 9.O-O e5 10.Nc3 h6 11.a4 Re8 12.Be3 Ng6 13.Bc4 Qe7 14.Qxg6 Kh8 15.Qxf7
Qxf7 16.Bxf7 Rf8 17.Bd5 Nb4 18.Bc4 Nd5 19.Nxd5 Rf7 20.Nb6 {#r} 1-0

[Event "It (cat.17)"]
[Site "masterchessopen.com – Pamplona (Spain)"]
[Date "2006.12.27"]
[Round "5"]
[White "Korneev Oleg (RUS)"]
[Black "Laznicka Viktor (CZE)"]
[Result "0-1"]
[WhiteElo "2657"]
[BlackElo "2596"]

1.e4 c5 2.Nf3 Nc6 3.d4 cxd4 4.Nxd4 e6 5.Nb5 d6 6.Bf4 e5 7.Be3 Nf6 8.Bg5 Be6
9.Bxf6 gxf6 10.Nd2 a6 11.Nc3 f5 12.Bc4 Qg5 13.g3 h5 14.Nd5 O-O-O 15.c3 Bh6
16.Ne3 fxe4 17.Nxe4 Qg6 18.Qa4 Bxc4 19.Qxc4 Bxe3 {#R} 0-1

[Event "It (open) \"]
[Site "masterchessopen.com – Estartit (Spain)"]
[Date "2007.01.01"]
[Round "6"]
[White "Lillo Castan Victor (ESP)"]
[Black "Djingarova Emilia (BUL)"]
[Result "0-1"]
[WhiteElo "2069"]
[BlackElo "2296"]

1.e4 c5 2.Nf3 e6 3.d4 cxd4 4.Nxd4 Nc6 5.Nb5 d6 6.Bf4 e5 7.Be3 Be6 8.N1c3 a6
9.Na3 Nf6 10.Bg5 Be7 11.Bxf6 Bxf6 12.Nc4 O-O 13.Qxd6 Qe8 14.Ne3 Rd8 15.Qc7 Rd7
16.Qb6 Bd8 17.Qc5 Be7 18.Qb6 Bb4 19.Nd5 Bxd5 20.exd5 Nd4 21.Rc1 Qe7 22.d6 Qg5
23.Kd1 Bxc3 24.bxc3 Nf5 {#R} 0-1

[Event "Tournament (open) (juniors)"]
[Site "masterchessopen.com – Cannes (France)"]
[Date "2007.02.25"]
[Round "9"]
[White "Giacometto Mario (ITA)"]
[Black "Delseny Serge (FRA)"]
[Result "1-0"]
[WhiteElo "1943"]
[BlackElo "2056"]

1.e4 c5 2.Nf3 e6 3.d4 cxd4 4.Nxd4 Nc6 5.Nb5 d6 6.N1c3 a6 7.Na3 b5 8.Bxb5 axb5
9.Naxb5 Nf6 10.Bf4 e5 11.Bg5 Be6 12.Bxf6 gxf6 13.Nd5 Rc8 14.c3 f5 15.exf5 Bxf5
16.Qf3 Bd7 17.Nf6+ Ke7 18.Rd1 Ke6 19.Nd5 Na5 20.Nd4+ {#r} 1-0

[Event "Ch Moscow (1/2 final) (open)"]
[Site "masterchessopen.com – Moscow (Russia)"]
[Round "6"]
[White "Khruschiov Alexey (MDA)"]
[Black "Reshetnikov Alexey (RUS)"]
[Result "1-0"]
[WhiteElo "2504"]
[BlackElo "2388"]

1.e4 c5 2.Nf3 e6 3.d4 cxd4 4.Nxd4 Nc6 5.Nb5 d6 6.c4 a6 7.N5c3 Nf6 8.Be2 Be7
9.O-O O-O 10.Be3 b6 11.Nd2 Qc7 12.Qb3 Rb8 13.Rfc1 Ne5 14.Qd1 Bb7 15.Kh1 Ned7
16.f3 Rfe8 17.Qg1 Rbc8 18.Rab1 Bd8 19.b4 Qb8 20.Bd4 {#r} 1-0

[Event "It (open)"]
[Site "masterchessopen.com – Lugano (Switzerland)"]
[Date "2007.04.30"]
[Round "4"]
[White "Meijers Viesturs (LAT)"]
[Black "Castrogiovanni Carlo (ITA)"]
[Result "1-0"]
[WhiteElo "2490"]
[BlackElo "2080"]

1.e4 c5 2.Nf3 e6 3.d4 cxd4 4.Nxd4 Nc6 5.Nb5 d6 6.c4 Nf6 7.N1c3 a6 8.Na3 Be7
9.Be2 b6 10.O-O Bb7 11.Be3 {#r} 1-0

[Event "Tournament (team)"]
[Site "masterchessopen.com – Wojewodztwo Pomorskie (Poland)"]
[Date "2007.05.13"]
[Round "0"]
[White "Wrzesinski Pawel (POL)"]
[Black "Wiecki Mateusz"]
[Result "1-0"]
[WhiteElo "2020"]
[BlackElo "1400"]

1.e4 c5 2.Nf3 Nc6 3.d4 cxd4 4.Nxd4 e6 5.Nb5 a6 6.Nd6+ Bxd6 7.Qxd6 Qe7 8.Qg3
Qf6 9.Nc3 Nge7 10.Bf4 Ng6 11.Bd6 e5 12.O-O-O Nd4 13.Bxe5 Nxe5 14.Rxd4 O-O
15.Be2 b5 16.Rhd1 Ra7 17.f4 Nc6 18.Rd6 Qe7 19.e5 Kh8 20.Nd5 Qe8 21.Bd3 h6
22.Qh3 Kg8 23.Rxh6 {#r} 1-0

[Event "Ch Spain (team) (Honor gr.1)"]
[Site "masterchessopen.com – Lugo (Spain)"]
[Date "2007.06.23"]
[Round "4"]
[White "Korneev Oleg (RUS)"]
[Black "Vehi Bach Victor M (ESP)"]
[Result "1-0"]
[WhiteElo "2587"]
[BlackElo "2369"]

1.e4 c5 2.Nf3 e6 3.d4 cxd4 4.Nxd4 Nc6 5.Nb5 d6 6.Bf4 e5 7.Be3 a6 8.N5c3 Nf6
9.Nd2 Be6 10.Nc4 b5 11.Nb6 Rb8 12.Nbd5 Be7 13.a4 b4 14.Nxf6+ Bxf6 15.Nd5 Bc8
16.a5 Nxa5 17.Nxf6+ gxf6 18.Qd5 Nb7 19.Bxa6 O-O 20.Bh6 Re8 21.Qb3 Kh8 22.Qxf7
{#r} 1-0

[Event "It (open)"]
[Site "masterchessopen.com – Balaguer (Spain)"]
[Date "2007.07.19"]
[Round "4"]
[White "Kiran Monisha Mohanty (IND)"]
[Black "Korneev Oleg (RUS)"]
[Result "0-1"]
[WhiteElo "2263"]
[BlackElo "2587"]

1.e4 c5 2.Nf3 Nc6 3.d4 cxd4 4.Nxd4 e6 5.Nb5 d6 6.Bf4 e5 7.Be3 Nf6 8.Bg5 Be6
9.N1c3 a6 10.Na3 d5 11.Nxd5 Bxa3 12.Bxf6 gxf6 13.bxa3 f5 14.Nc3 Qa5 15.Qd2 Rg8
16.Rd1 Nd4 17.Bd3 Rxg2 18.Kf1 Rg4 19.exf5 Bd5 20.Bb5+ Qxb5+ 21.Nxb5 Bc4+ {#R}
0-1

[Event "Ch St. Petersburg (juniors) (under 18) (g)"]
[Site "masterchessopen.com – St. Petersburg (Russia)"]
[Date "2007.10.06"]
[Round "2"]
[White "Fershtman Paulina (RUS)"]
[Black "Zykova Antonina (RUS)"]
[Result "0-1"]
[WhiteElo "1864"]
[BlackElo "2041"]

1.e4 c5 2.Nf3 e6 3.d4 cxd4 4.Nxd4 Nc6 5.Nb5 d6 6.N1c3 a6 7.Nd4 Nf6 8.Be3 Qc7
9.Be2 Be7 10.O-O O-O 11.h3 b5 12.Nxc6 Qxc6 13.Bf3 e5 14.Bg5 Be6 15.Bxf6 Bxf6
16.Qd2 Rac8 17.Rfd1 Rfd8 18.a3 h6 19.Be2 Bg5 20.Qe1 Qb6 {#R} 0-1

[Event "It (open)"]
[Site "masterchessopen.com – Winterthur (Switzerland)"]
[Date "2007.10.08"]
[Round "4"]
[White "Nuri Kambez (SUI)"]
[Black "Jurek Josef (CZE)"]
[Result "1-0"]
[WhiteElo "2122"]
[BlackElo "2351"]

1.e4 c5 2.Nf3 Nc6 3.d4 cxd4 4.Nxd4 e6 5.Nb5 d6 6.Bf4 e5 7.Bg5 Qxg5 8.Nc7+ Kd8
9.Nxa8 f5 10.Nc3 Nf6 11.Nd5 fxe4 12.Nac7 e3 13.f3 Nd4 14.c3 Nf5 15.Qa4 e4
16.Qxa7 exf3 17.Ne6+ Bxe6 18.Qb8+ Bc8 19.Qc7+ Ke8 20.Nxf6+ {#r} 1-0

[Event "It (open) (active)"]
[Site "masterchessopen.com – El Sauzal (Spain)"]
[Date "2007.11.03"]
[Round "4"]
[White "Dekic Josip (SRB)"]
[Black "Gonzalez Garcia Jose (MEX)"]
[Result "0-1"]
[WhiteElo "2338"]
[BlackElo "2541"]

1.e4 c5 2.Nf3 e6 3.d4 cxd4 4.Nxd4 Nc6 5.Nb5 d6 6.c4 Nf6 7.N1c3 a6 8.Na3 Be7
9.Be2 O-O 10.O-O b6 11.Be3 Bb7 12.Qb3 Nd7 13.Rfd1 Nc5 14.Qc2 Bf6 15.Nab1 Nb4
16.Qd2 Qe7 17.f3 Rfd8 18.Bf1 d5 19.cxd5 exd5 20.Qf2 d4 {#R} 0-1

[Event "Ch World (juniors) (under 10)"]
[Site "masterchessopen.com – Kemer (Turkey)"]
[Date "2007.11.27"]
[Round "10"]
[White "Ruiz C Joshua D (COL)"]
[Black "Gullentops Nathan (BEL)"]
[Result "1-0"]
[WhiteElo "2246"]
[BlackElo "1469"]

1.e4 c5 2.Nf3 Nc6 3.d4 cxd4 4.Nxd4 e6 5.Nb5 d5 6.exd5 exd5 7.Bf4 Qe7+ 8.Be2
Qb4+ 9.N1c3 Qxf4 10.Nxd5 Qe5 11.Ndc7+ Ke7 12.Nxa8 a6 13.Nc3 Be6 14.Nb6 Nf6
15.O-O Qg5 16.Bf3 g6 17.Re1 Bg7 18.Ncd5+ Kf8 19.Nc7 {#r} 1-0

[Event "It (open)"]
[Site "masterchessopen.com – Bad Woerishofen (Germany)"]
[Date "2008.02.28"]
[Round "1"]
[White "Walz Robert (GER)"]
[Black "Czarnach Anton (GER)"]
[Result "1-0"]
[WhiteElo "2065"]
[BlackElo "1594"]

1.e4 c5 2.Nf3 Nc6 3.d4 cxd4 4.Nxd4 e6 5.Nb5 a6 6.Nd6+ Bxd6 7.Qxd6 Nge7 8.Be3
O-O 9.Nd2 Qa5 10.Be2 f5 11.f3 Ng6 12.O-O Rf6 13.Nc4 Qd8 14.Bg5 Qf8 15.Bxf6
Qxf6 16.exf5 Qxf5 17.Bd3 Qf6 18.Be4 Nge5 19.Nb6 Rb8 20.Rad1 Nf7 21.Qc7 d5
22.Nxc8 dxe4 23.fxe4 Qe5 24.Qxf7+ {#r} 1-0

[Event "Tournament (qual)"]
[Site "masterchessopen.com – Cali (Colombia)"]
[Date "2008.05.05"]
[Round "9"]
[White "Mosquera Miguel (COL)"]
[Black "Barrientos Sergio (COL)"]
[Result "0-1"]
[WhiteElo "2372"]
[BlackElo "2450"]

1.e4 c5 2.Nf3 e6 3.d4 cxd4 4.Nxd4 Nc6 5.Nb5 d6 6.c4 a6 7.Nd4 Nf6 8.Nc3 Be7
9.Be2 O-O 10.O-O Bd7 11.Be3 Rc8 12.Rc1 Nxd4 13.Qxd4 Qa5 14.Rfd1 {#R} 0-1

[Event "Cup Serbia (team)"]
[Site "masterchessopen.com – Zlatibor (Serbia)"]
[Date "2008.06.22"]
[Round "7"]
[White "Nikolic Milos (SRB)"]
[Black "Krstic Petar (SRB)"]
[Result "0-1"]
[WhiteElo "2299"]
[BlackElo "2295"]

1.e4 c5 2.Nf3 e6 3.d4 cxd4 4.Nxd4 Nc6 5.Nb5 d6 6.Bf4 e5 7.Be3 a6 8.N5c3 Nf6
9.Bc4 Be7 10.Nd5 Nxd5 11.Bxd5 O-O 12.Qd2 Be6 13.Nc3 Rc8 14.O-O Qc7 15.Rfc1 Na5
16.Na4 Bxd5 17.Bb6 Nc4 18.Qb4 a5 {#R} 0-1

[Event "Memorial Karl Mala (open)"]
[Site "masterchessopen.com – Frankfurt (Germany)"]
[Date "2008.06.28"]
[Round "5"]
[White "Kritz Leonid (GER)"]
[Black "Rubel Julian (GER)"]
[Result "1-0"]
[WhiteElo "2592"]
[BlackElo "2179"]

1.e4 c5 2.Nf3 e6 3.d4 cxd4 4.Nxd4 Nc6 5.Nb5 d6 6.c4 Nf6 7.N1c3 a6 8.Na3 Be7
9.Be2 b6 10.Be3 Bb7 11.Qb3 Nd7 12.O-O Nc5 13.Qc2 Bf6 14.Rfd1 Qc7 15.Qd2 Rd8
16.Bg5 Bxc3 17.Bxd8 Nxe4 18.Bxc7 Bxd2 19.Bd3 Kd7 20.Bxe4 {#r} 1-0

[Event "Ch Potiguar"]
[Site "masterchessopen.com – Natal (Brazil)"]
[Round "4"]
[White "Macedo Maximo Iack (BRA)"]
[Black "Chellappa Thiago (BRA)"]
[Result "1-0"]
[WhiteElo "2264"]
[BlackElo "2036"]

1.d4 e6 2.e4 c5 3.Nf3 cxd4 4.Nxd4 Nc6 5.Nb5 d6 6.c4 a6 7.N5a3 Nf6 8.Nc3 Be7
9.Be2 Rb8 10.O-O O-O 11.Be3 Qc7 12.Rc1 Rd8 13.f4 b6 14.Nd5 exd5 15.cxd5 Nxe4
16.Rxc6 Qd7 17.Bxb6 Rf8 18.Bf3 Nf6 19.Nc4 Bb7 20.Rc7 Qb5 21.a4 {#r} 1-0

[Event "Tournament (Elo)"]
[Site "masterchessopen.com – Saratov (Russia)"]
[Round "5"]
[White "Dzivodov Gennadij (RUS)"]
[Black "Zabuga Pavel (RUS)"]
[Result "1-0"]
[WhiteElo "2249"]
[BlackElo "1874"]

1.e4 c5 2.Nf3 Nc6 3.d4 cxd4 4.Nxd4 e6 5.Nb5 a6 6.Nd6+ Bxd6 7.Qxd6 Qe7 8.Qg3
Qf6 9.Nc3 Nb4 10.Bd3 Ne7 11.O-O Nxd3 12.cxd3 Nc6 13.Be3 Nb4 14.Bc5 Nc6 15.Rae1
Qg6 16.Qd6 f6 17.Nd5 exd5 18.exd5+ Kf7 19.dxc6 Qf5 20.Re7+ Kg6 21.cxd7 Bxd7
22.Rxd7 Rhg8 23.Qg3+ Kh6 24.Be3+ {#r} 1-0

[Event "Memorial Josip Ipavec"]
[Site "masterchessopen.com – Sentjur (Slovenia)"]
[Date "2008.11.16"]
[Round "9"]
[White "Gazvoda Franc (SLO)"]
[Black "Premuzic Zoran (CRO)"]
[Result "1-0"]
[WhiteElo "2042"]
[BlackElo "2010"]

1.e4 c5 2.Nf3 e6 3.d4 cxd4 4.Nxd4 Nc6 5.Nb5 d6 6.c4 a6 7.N5c3 Nf6 8.Be3 Be7
9.Be2 O-O 10.O-O b6 11.f3 Bb7 12.Na4 Nd7 13.a3 Nc5 14.Nbc3 Bf6 15.Rb1 Rb8
16.b4 Nxa4 17.Nxa4 Ba8 18.b5 axb5 19.Rxb5 Qc7 20.Nxb6 Qa7 21.a4 Rfd8 22.Bf2
Qc7 23.Nxa8 Rxa8 24.Bb6 {#r} 1-0

[Event "It (cat.5)"]
[Site "masterchessopen.com – Noisy le Grand (France)"]
[Date "2008.12.26"]
[Round "1"]
[White "Sochacki Wojtek (FRA)"]
[Black "Onkoud Abdelaziz (MAR)"]
[Result "0-1"]
[WhiteElo "2244"]
[BlackElo "2405"]

1.e4 c5 2.Nf3 e6 3.d4 cxd4 4.Nxd4 Nc6 5.Nb5 d6 6.Bf4 e5 7.Be3 Nf6 8.N1c3 a6
9.Na3 b5 10.Nd5 Nxd5 11.exd5 Ne7 12.c4 Nf5 13.Bd2 Be7 14.cxb5 O-O 15.Bc4 e4
16.O-O Bf6 17.Bc3 Bxc3 18.bxc3 Nh4 19.Kh1 f5 20.g3 Ng6 21.f4 exf3 22.Qxf3 Ne5
23.Qg2 Qa5 24.Rae1 Qxa3 {#R} 0-1

[Event "Ch City (1 league)"]
[Site "masterchessopen.com – Samara (Russia)"]
[Date "2009.02.14"]
[Round "9"]
[White "Anisimov Pavel (RUS)"]
[Black "Porubov Viactheslav"]
[Result "1-0"]
[WhiteElo "2518"]
[BlackElo "1856"]

1.e4 c5 2.Nf3 Nc6 3.d4 cxd4 4.Nxd4 e6 5.Nb5 d5 6.exd5 exd5 7.Bf4 Qe7+ 8.Be2
Qb4+ 9.Qd2 Qxd2+ 10.Nxd2 Kd8 11.Bc7+ Ke8 12.Bg3 Kd8 13.Nc7 Rb8 14.Nxd5 Be6
15.Bxb8 Bxd5 16.Bf4 Bxg2 17.Rg1 Bd5 18.Bf3 Bxf3 19.Nxf3 f6 20.O-O-O+ Kc8
21.Nd4 g5 22.Nxc6 bxc6 23.Rge1 {#r} 1-0

[Event "Ch City"]
[Site "masterchessopen.com – Dubna (Russia)"]
[Date "2009.02.22"]
[Round "9"]
[White "Sergeev Igor (RUS)"]
[Black "Kourilov Valentin (RUS)"]
[Result "1-0"]
[WhiteElo "2443"]
[BlackElo "1870"]

1.e4 c5 2.Nf3 Nc6 3.d4 cxd4 4.Nxd4 e6 5.Nb5 d6 6.Bf4 e5 7.Be3 a6 8.N5c3 Nf6
9.Nd5 Nxe4 10.Bb6 Qg5 11.Nc7+ Kd7 12.Nxa8 Be7 13.Be3 Qf6 14.Nb6+ Ke8 15.Nxc8
Kf8 16.Nb6 Bd8 17.Nd7+ {#r} 1-0

[Event "Ch Czech Republic (juniors) (under 12)"]
[Site "masterchessopen.com – Kouty nad Desnou (Czech Republic)"]
[Date "2009.03.08"]
[Round "2"]
[White "Blahynka Martin (CZE)"]
[Black "Prazak Matous"]
[Result "1-0"]
[WhiteElo "1905"]
[BlackElo "1520"]

1.e4 c5 2.Nf3 Nc6 3.d4 cxd4 4.Nxd4 e6 5.Nb5 Nf6 6.Bf4 e5 7.Bg5 Qb6 8.Bxf6 gxf6
9.N1c3 Bb4 10.Bc4 Nd4 11.O-O Bxc3 12.Nxc3 Qxb2 13.Nd5 Ne6 14.Qf3 Qxc2 15.Qxf6
{#r} 1-0

[Event "Tournament (regional)"]
[Site "masterchessopen.com – Colombia"]
[Date "2009.03.21"]
[Round "2"]
[White "Guzman River"]
[Black "Orozco Lina (COL)"]
[Result "1-0"]
[WhiteElo "1810"]
[BlackElo "2148"]

1.e4 c5 2.Nf3 e6 3.d4 cxd4 4.Nxd4 Nc6 5.Nb5 d6 6.c4 Nf6 7.N1c3 a6 8.Na3 b6
9.Nc2 Bb7 10.Be2 Be7 11.O-O Qc7 12.Be3 Ne5 13.Qd4 Ned7 14.f3 h5 15.Na4 Rd8
16.h4 {#r} 1-0

[Event "Memorial Dr. Armando Rizzoni (cat.6)"]
[Site "masterchessopen.com – Campinas (Brazil)"]
[Date "2009.05.09"]
[Round "6"]
[White "Chauca Jose (PER)"]
[Black "El Debs Felipe De Cresce (BRA)"]
[Result "0-1"]
[WhiteElo "2086"]
[BlackElo "2467"]

1.e4 c5 2.Nf3 e6 3.d4 cxd4 4.Nxd4 Nc6 5.Nb5 d6 6.c4 Nf6 7.N1c3 a6 8.Nd4 Bd7
9.Be2 Rc8 10.Nc2 Ne5 11.Ne3 Bc6 12.Qd4 Be7 13.O-O Ng6 14.g3 O-O 15.f4 b6 16.b3
Bb7 17.Ba3 Qc7 18.Rac1 Nd7 19.Rfd1 Nc5 20.Bf3 Rfd8 21.Ng4 Qb8 22.Bb2 Bf8
23.Nd5 exd5 {#R} 0-1

[Event "It (open)"]
[Site "masterchessopen.com – Erbendorf (Germany)"]
[Date "2009.06.12"]
[Round "3"]
[White "Meijers Viesturs (LAT)"]
[Black "Maurer Heinrich (GER)"]
[Result "1-0"]
[WhiteElo "2483"]
[BlackElo "2194"]

1.e4 c5 2.Nf3 e6 3.d4 cxd4 4.Nxd4 Nc6 5.Nb5 d6 6.c4 a6 7.N5c3 Nf6 8.Be2 Be7
9.O-O O-O 10.Be3 Bd7 11.Nd2 Rb8 12.h3 Qc7 13.Rc1 b6 14.f4 Qb7 15.Qe1 d5
16.cxd5 exd5 17.e5 d4 18.exf6 Bxf6 19.Nd5 dxe3 20.Nxf6+ gxf6 21.Ne4 Bf5 {#r}
1-0

[Event "It (open) \"]
[Site "masterchessopen.com – Eforie Nord (Romania)"]
[Date "2009.06.18"]
[Round "1"]
[White "Florea Dorina (ROM)"]
[Black "Filip Lucian (ROM)"]
[Result "0-1"]
[WhiteElo "1906"]
[BlackElo "2453"]

1.e4 c5 2.Nf3 e6 3.d4 cxd4 4.Nxd4 Nc6 5.Nb5 d6 6.c4 Nf6 7.N1c3 a6 8.Na3 Be7
9.Be2 O-O 10.O-O Qa5 11.Be3 Rd8 12.Qb3 Nd7 13.Na4 Nc5 14.Bxc5 dxc5 15.Nb6 Nd4
{#R} 0-1

[Event "Ch World (juniors) (under 14)"]
[Site "masterchessopen.com – Kemer (Turkey)"]
[Date "2009.11.18"]
[Round "7"]
[White "Rindlisbacher Lars (SUI)"]
[Black "Gordievsky Dmitry (RUS)"]
[Result "0-1"]
[WhiteElo "2070"]
[BlackElo "2219"]

1.e4 c5 2.Nf3 e6 3.d4 cxd4 4.Nxd4 Nc6 5.Nb5 d6 6.c4 a6 7.N5c3 Nf6 8.Be3 Be7
9.Be2 O-O 10.O-O b6 11.Na3 Bb7 12.Rc1 Ne5 13.f3 Ned7 14.Qc2 Re8 15.Rfd1 Rc8
16.Rd2 Qc7 17.Qd1 Qb8 18.Kh1 d5 19.exd5 exd5 20.Bg1 Bd6 21.Nxd5 Nxd5 22.cxd5
Rxc1 23.Qxc1 {#R} 0-1

[Event "Czech League 2009/10 (1st) (juniors)"]
[Site "masterchessopen.com – Czech Republic"]
[Date "2009.11.28"]
[Round "5"]
[White "Sion David"]
[Black "Kozusek Daniel"]
[Result "1-0"]
[WhiteElo "1435"]
[BlackElo "1494"]

1.e4 c5 2.Nf3 e6 3.d4 cxd4 4.Nxd4 Nc6 5.Nb5 d5 6.exd5 exd5 7.Bf4 Qe7+ 8.Be2
Ne5 9.Qxd5 Qb4+ 10.N1c3 Qxf4 11.Nc7+ Ke7 12.Qc5+ Kd8 13.Qxf8+ Kd7 14.Rd1+ Kc6
15.Qd6# 1-0

[Event "It (open)"]
[Site "masterchessopen.com – Stare Mesto (Czech Republic)"]
[Date "2010.08.14"]
[Round "2"]
[White "Pesotskyi Vitalii (UKR)"]
[Black "Ludvicek Josef (CZE)"]
[Result "1-0"]
[WhiteElo "2273"]
[BlackElo "1923"]

1.e4 e6 2.d4 c5 3.Nf3 cxd4 4.Nxd4 Nc6 5.Nb5 d6 6.c4 a6 7.N5c3 g6 8.Be3 Bg7
9.Be2 Nge7 10.Qd2 O-O 11.h4 f6 12.h5 Kf7 13.Na4 Qa5 14.Nbc3 f5 15.Qxd6 b5
16.cxb5 axb5 17.Bxb5 Rd8 18.Qc5 Nd4 19.hxg6+ hxg6 20.Bxd4 Rxd4 21.Rh7 Qd8
22.Nb6 Rb8 23.Rxg7+ Kxg7 24.Qe5+ {#r} 1-0

[Event "Ch European Union"]
[Site "masterchessopen.com – Arvier (Italy)"]
[Date "2010.09.04"]
[Round "1"]
[White "Ricci Marco (ITA)"]
[Black "Jaracz Pawel (POL)"]
[Result "0-1"]
[WhiteElo "2081"]
[BlackElo "2543"]

1.e4 c5 2.Nf3 e6 3.d4 cxd4 4.Nxd4 Nc6 5.Nb5 d6 6.Bf4 e5 7.Be3 a6 8.N5c3 Nf6
9.Bc4 Be6 10.Nd5 Nxe4 11.Bb6 Qg5 12.Nc7+ Kd7 13.Bxe6+ fxe6 14.Nxa8 Qxg2 15.Rf1
Be7 16.Nc7 Bd8 17.Qh5 Bxc7 18.Bxc7 Kxc7 19.f3 Nd4 20.fxe4 Nxc2+ 21.Kd1 Ne3+
22.Ke1 Qxf1+ 23.Kd2 Nc4+ {#R} 0-1

[Event "It (open)"]
[Site "masterchessopen.com – Police (Poland)"]
[Date "2011.07.11"]
[Round "7"]
[White "Moritz Aron (GER)"]
[Black "Poetsch Hagen (GER)"]
[Result "0-1"]
[WhiteElo "2127"]
[BlackElo "2401"]

1.e4 c5 2.Nf3 e6 3.d4 cxd4 4.Nxd4 Nc6 5.Nb5 d6 6.c4 Nf6 7.N5c3 Be7 8.Be3 O-O
9.Be2 b6 10.O-O Bb7 11.Nd2 Rc8 12.Rc1 d5 13.exd5 exd5 14.cxd5 Nxd5 15.Nxd5
Qxd5 16.Bf3 Qxa2 17.Nc4 Rfd8 18.Qe2 Ba6 19.Bxb6 axb6 20.Bxc6 Bg5 21.f4 Rxc6
22.fxg5 Bxc4 23.Qe7 Rcc8 {#R} 0-1

[Event "Ch Greece (juniors) (team) (under 16)"]
[Site "masterchessopen.com – Vrahati (Greece)"]
[Date "2011.12.17"]
[Round "4"]
[White "Hatzihrisafis Dimos"]
[Black "Michelakos Panagiotis (GRE)"]
[Result "0-1"]
[WhiteElo "1827"]
[BlackElo "2187"]

1.e4 c5 2.Nf3 e6 3.d4 cxd4 4.Nxd4 Nc6 5.Nb5 d6 6.c4 a6 7.Nd4 Qc7 8.Be3 Nf6
9.f3 Ne5 10.b3 d5 11.exd5 exd5 12.Nd2 dxc4 13.bxc4 Bd6 14.g3 O-O 15.Be2 Bh3
16.Kf2 Rfe8 17.N4b3 Qc6 18.Rg1 Rad8 19.Bd4 Bc7 20.Qc2 Qe6 21.Rae1 Rxd4 22.Nxd4
Neg4+ 23.fxg4 Qe3# 0-1